000 01811cam a22004454i 4500
003 PE-LiUPU
005 20250731173252.0
008 150625s r 000 0 d
035 _a(Sirsi) a35621
040 _aPE-LiUPU
_bspa
_cPE-LiUPU
_erda
082 0 4 _a232.9
_bB12
_221
100 1 _aBacchiocchi, Samuele,
_eautor.
245 1 0 _aControversia acerca del día en que Jesús murió y resucitó /
_cSamuele Bacchiocchi.
264 1 _aColombia :
_beditolaser S. en C.,
_c1989.
300 _a92 páginas ;
_c20.5 cm.
336 _atext
_2rdacontent
337 _aunmediated
_2rdamedia
338 _avolume
_2rdacarrier
505 0 _aCrucifixion en miercoles, resurreccion en sabado. -La señal de Jonas. -El dia de la crucifixion. -El dia de la resurreccion. -Computo del dia en los tiempos biblicos. -Computo del sabado en nuestros dias.
526 _aSEG42
526 _aSEG41
526 _aSEG40
526 _aSEG39
526 _aP94
526 _aP87
526 _aP86
526 _aP85
526 _aP77
526 _aP76
526 _aP35
650 0 4 _aCrucifixión de Jesús.
910 _ajck
_bncf
_cncf
_d20161011
942 _2ddc
_cBOOK
949 _a232.9 B12
_wDEWEY
_c1
_i37214
_lCCODEBUL1
_mBUL
_p00.00
_r0
_sY
_tBOOK
_u2015-06-25
_xBIBLIOTECA
_zUNKNOWN
_0COMPRA
_o.STAFF. Colección General
596 _a1
999 _a232.9 B12
_wDEWEY
_c43606
_i37214
_f2021-11-11
_g5
_lCCODEBUL1
_mBUL
_r0
_sY
_tBOOK
_u2015-6-25
_xTEOLOGIA
_zUNKNOWN
_0COMPRA
_o.STAFF. Colección General
_d43606
999 _a232.9 B12
_wDEWEY
_c2
_i75117
_d2019-2-7
_f2021-11-10
_g5
_lCCODEBUL1
_mBUL
_p5.00
_q4
_r0
_sY
_tBOOK
_u2016-10-11
_xTEOLOGIA
_PP35
_0COMPRA
_o.STAFF. Colección Teología
980 _81
_gALBERTO SANCHEZ Responsable de Automatización